000 00453nam a2200157Ia 4500
003 GCL
008 140319s9999 xx 000 0 ara d
040 _aGCL /
_cGCL
082 0 4 _aد
_b050
100 1 _aانور لوقا غبريال
245 1 0 _aربع قرن مع رفاعة الطهطاوى (اقرا 510 ) /
_cانور لوقا غبريال
300 _a247
490 _aاقرأ
_v0
650 0 4 _aرفاعة الطهطاوى
942 _2ddc
_cBK
999 _c48910
_d48910